Die tschechoslowakische Sokolbewegung /

Hlavní autor: Havlíček, Věnceslav, 1894-1976
Další autoři: Ledvina, Jan
Jazyk: Němčina
Vydáno: Prag : Vollzugsausschuß des XI. All-Sokolkongresses durch seine Propaganda-Abteilung, 1948
Fyzický popis: 35 s., [xv] s. obr. příl. : il. ; 8°
Knihy
Uloženo v:
LEADER 00943nam a22002532a 4500
001 001866294
003 CZ BrMZK
005 20230725102854.0
007 ta
008 230725s1948 xr af er|||||||||||ger d
015 |a cnb000672358 
035 |a (OCoLC)85428414 
040 |a ABA001  |b cze  |c PNA001  |d ABA001  |d BOA001 
041 1 |a ger  |h cze 
100 1 |a Havlíček, Věnceslav,  |d 1894-1976  |7 jk01040355  |4 aut 
245 1 4 |a Die tschechoslowakische Sokolbewegung /  |c [von Věnceslav Havlíček ; Zusammenstellung der Illustrationen Jan Ledvina] 
260 |a Prag :  |b Vollzugsausschuß des XI. All-Sokolkongresses durch seine Propaganda-Abteilung,  |c 1948  |f (Orbis) 
300 |a 35 s., [xv] s. obr. příl. :  |b il. ;  |c 8° 
500 |a Přeloženo z češtiny 
700 1 |a Ledvina, Jan  |4 ill 
910 |a BOA001  |b 2-0214.959 
990 |a BK 
991 |b 202307 
996 7 |b 2618757454  |c 2-0214.959  |l MZK  |r Sklad / do 24 hodin  |n 0  |w 001933619  |u 000010  |a 1  |e BOA001  |j MZK50  |s A